| 000 | 00827nam a2200277Ia 4500 | ||
|---|---|---|---|
| 001 | Z_2275 | ||
| 003 | CHAP | ||
| 008 | 220113s1993 xx 000 0 und d | ||
| 010 | _a165331 | ||
| 040 | _cCHAP | ||
| 082 | _a519.54 R34 | ||
| 100 |
_aRamírez Guzmán, Martha Elva _994045 |
||
| 245 |
_aMétodos estadísticos no paramétricos : aplicación del paquete estadístico spss en la solución de problemas / _cpor Martha Elva Ramírez Guzmán y Quito López Tirado |
||
| 260 |
_aChapingo, Méx. : _bUACH. Dirección de Difusión Cultural, _c1993 |
||
| 300 | _a233 p. | ||
| 440 | _a | ||
| 500 | _a | ||
| 503 | _aDONACIÓN | ||
| 650 |
_aEstadística noparamétrica I. López Tirado, Quito II. t. _9139255 |
||
| 901 | _a519.54 R34 | ||
| 902 | _aA | ||
| 910 | _a1993 | ||
| 942 | _c1 | ||
| 942 | _cc1 | ||
| 999 |
_c165331 _d165331 |
||